Innovation management : (Record no. 52240)

MARC details
000 -LEADER
fixed length control field 00622nam a2200217Ia 4500
005 - DATE AND TIME OF LATEST TRANSACTION
control field 20260429112058.0
008 - FIXED-LENGTH DATA ELEMENTS--GENERAL INFORMATION
fixed length control field 260429s9999||||xx |||||||||||||| ||und||
020 ## - INTERNATIONAL STANDARD BOOK NUMBER
International Standard Book Number 9788126938612
041 ## - LANGUAGE CODE
Language English
082 ## - DEWEY DECIMAL CLASSIFICATION NUMBER
Classification number 658.4063
Item number MAI
100 ## - MAIN ENTRY--PERSONAL NAME
Personal name Maital, Shlomo
245 #0 - TITLE STATEMENT
Title Innovation management :
Remainder of title strategies, concepts and tools for growth and profit /
Statement of responsibility, etc Shlomo Maital
250 ## - EDITION STATEMENT
Edition statement 1st ed.
260 ## - PUBLICATION, DISTRIBUTION, ETC. (IMPRINT)
Place of publication, distribution, etc New Delhi :
Name of publisher, distributor, etc Atlantic Publishers and Distributors,
Date of publication, distribution, etc 2024.
300 ## - PHYSICAL DESCRIPTION
Extent 491 p.; pbk
650 ## - SUBJECT ADDED ENTRY--TOPICAL TERM
Topical term or geographic name as entry element Growth
650 ## - SUBJECT ADDED ENTRY--TOPICAL TERM
Topical term or geographic name as entry element Profit
650 ## - SUBJECT ADDED ENTRY--TOPICAL TERM
Topical term or geographic name as entry element Management
700 ## - ADDED ENTRY--PERSONAL NAME
Personal name Seshadri, D. V. R.
942 ## - ADDED ENTRY ELEMENTS (KOHA)
Koha item type Text Books
Holdings
Withdrawn status Lost status Damaged status Not for loan Collection code Home library Location Shelving location Date of Cataloging Source of acquisition Total Checkouts Full call number Barcode Date last seen Price effective from Koha item type
        Non-fiction CUTN Central Library CUTN Central Library Medicine, Technology & Management 29/04/2026 Atlantic Publishers and Distributors, Chennai - Invoice No. 3013318 on 17-02-2026   658.4063 MAI 57316 29/04/2026 29/04/2026 Text Books